| 000 | 00613cam a2200193 4500 | ||
|---|---|---|---|
| 001 | WB3602-11 | ||
| 008 | 000000n2000 000 0 eng u | ||
| 035 | _a(Sirsi) u103589 | ||
| 245 | _aEngineering park | ||
| 260 | _c2000 | ||
| 490 |
_aFinancial Times _v14 January 2000, 4(1) |
||
| 520 | _aWales' first advanced engineering park is being planned for a 600 acre site near Swansea. It is intended that the park will focus on the motor sport industry. | ||
| 590 | _aWB | ||
| 650 | _aENGINEERING PARKS | ||
| 650 | _aMOTOR SPORT | ||
| 650 | _aWALES | ||
| 690 | _aPROPERTY-PROPERTY DEVELOPMENT | ||
| 942 | _n0 | ||
| 999 |
_c62225 _d62225 |
||